00727nam a2200157 a 450000100100000000500170001000800410002702000180006804000250008624501780011126000640028930000210035350400730037495201050044799900170055200004435020201002045318.0140620s2012 cr 000 0 spa d a9789977152202 aDO-SdBNPbspacBNPHU00aIndependencias, estados y política(s) en la centroamérica del siglo XIX :blas huellas históricas del bicentenario /ceditores David Díaz Arias Ronny Viales Hurtado. aSan José, Costa Rica :bUniversidad de Costarrica,c2012. a282 p. ;c26 cm. aIncluye referencias bibliográficas y notas al pie de las páginas 001050718MOaGRbGRcCTd2014-06-20iLF1l0o p44350-10r2020-06-25w2020-06-25y1ZNo se presta c43839d43839